00721 a2200193 4500003000400000005001700004008004100021020001800062040000900080082002000089100002100109245010800130250000800238260003600246300002000282942004600302952016200348999001700510OSt20240523123407.0230819b |||||||| |||| 00| 0 eng d a9789352605415 coclc a332.0954bBHO/P aBhole, L M91011 aFINANCIAL INSTITUTIONS AND MARKETS bStructure, growth, & innovations /cL M Bhole and Jitendra Mahakud a6ED aChennai:bMc Graw Hill, c2022. amultipagination 2ddccBKh332.0954iBHO/Fk332.0954mBHO/F 00102ddc40708FINANCIAL ECONOMICSaMESbMEScECO d2023-08-19l3m1o332.0954 BHO/Pp42085r2026-03-10 10:49:10s2026-02-18v975.00w2023-08-19yBKzGL4R5 c41899d41899